000 00705nam a2200241 i 4500
001 91879
003 ES-MaACL
005 20250408063057.0
007 t|
008 050225s2004 sp ||||1| spa d
020 _a84-233-3501-1
080 _a821.134.2-31"19"
100 0 _aTrapiello, Andrés,
_d1953-
_9111233
245 1 4 _aLos amigos del crimen perfecto /
_cAndrés Trapiello.
250 _a1ª ed. en Colección Booket.
260 _aBarcelona :
_bDestino,
_c2004.
300 _a333 p. ;
_c18 cm.
490 1 _aBooket. Novela ;
_v2139
830 _aNovela (Colección Booket)
_v2139
_9234505
852 _aES-MaACL
_jL-28933
_bR.135087
942 _2udc
999 _c91879
_d91879